00353pab a2200121 454500008004000000100002200040245008400062260000900146300001400155362000800169650002800177773002600205180718b2006 xxu||||| |||| 00| 0 eng d aWhitaker, Richard aAscendant assemblies in Britain? Rebellions, reforms and inter-cameral conflict c2006 ap.173-80. aJan aPolitics and government aParliamentary Affairs